Intermediate problem solving and data structures : (Record no. 4308)
[ view plain ]
| 000 -LEADER | |
|---|---|
| fixed length control field | 00807 a2200229 4500 |
| 020 ## - INTERNATIONAL STANDARD BOOK NUMBER | |
| International Standard Book Number | 0805303219 |
| 082 00 - DEWEY DECIMAL CLASSIFICATION NUMBER | |
| Classification number | 005.1 |
| 090 ## - LOCALLY ASSIGNED LC-TYPE CALL NUMBER (OCLC); LOCAL CALL NUMBER (RLIN) | |
| -- | 314 |
| -- | 314 |
| 100 1# - MAIN ENTRY--PERSONAL NAME | |
| Personal name | Helman, Paul. |
| 245 10 - TITLE STATEMENT | |
| Title | Intermediate problem solving and data structures : |
| Remainder of title | walls and mirrors / |
| Statement of responsibility, etc. | Paul Helman, Robert Veroff, Frank M. Carrano. |
| 250 ## - EDITION STATEMENT | |
| Edition statement | 2nd ed. |
| 260 ## - PUBLICATION, DISTRIBUTION, ETC. | |
| Place of publication, distribution, etc. | Redwood City, Calif. : |
| Name of publisher, distributor, etc. | Benjamin/Cummings Pub. Co., |
| Date of publication, distribution, etc. | c1991. |
| 300 ## - PHYSICAL DESCRIPTION | |
| Extent | xxv, 659, A41, I-8 p. : |
| Other physical details | ill. (some col.) ; |
| Dimensions | 27 cm. |
| 440 #4 - SERIES STATEMENT/ADDED ENTRY--TITLE | |
| Title | The Benjamin/Cummings series in computer science |
| 500 ## - GENERAL NOTE | |
| General note | "Published simultaneously in Canada"--T.p. verso. |
| 500 ## - GENERAL NOTE | |
| General note | Includes index. |
| 650 #0 - SUBJECT ADDED ENTRY--TOPICAL TERM | |
| Topical term or geographic name entry element | Computer programming. |
| 650 #0 - SUBJECT ADDED ENTRY--TOPICAL TERM | |
| Topical term or geographic name entry element | Data structures (Computer science) |
| 700 1# - ADDED ENTRY--PERSONAL NAME | |
| Personal name | Veroff, Robert. |
| 700 1# - ADDED ENTRY--PERSONAL NAME | |
| Personal name | Carrano, Frank M. |
| 942 ## - ADDED ENTRY ELEMENTS (KOHA) | |
| Koha item type | Book |
| Call number prefix | 005.73 HEL |
| Withdrawn status | Lost status | Damaged status | Not for loan | Collection code | Permanent Location | Current Location | Shelving location | Date acquired | Total Checkouts | Total Renewals | Full call number | Barcode | Date last seen | Date last checked out | Price effective from | Koha item type |
|---|---|---|---|---|---|---|---|---|---|---|---|---|---|---|---|---|
| Central Library (CL) | Central Library (CL) | First Floor - Operating System/ Data Structure | 06/14/2001 | 2 | 1 | 005.73 HEL | SEECS000964 | 08/18/2023 | 02/26/2023 | 01/05/2017 | Book | |||||
| Central Library (CL) | Central Library (CL) | First Floor - Operating System/ Data Structure | 03/15/2001 | 1 | 005.73 HEL | SEECS000809 | 01/31/2023 | 08/25/2022 | 01/05/2017 | Book |
